| 000 | 00699nam a22002297a 4500 | ||
|---|---|---|---|
| 999 |
_c8405 _d8405 |
||
| 001 | 22043 | ||
| 003 | BD-DhUAP | ||
| 005 | 20240309115349.0 | ||
| 008 | 240309b ii a|||| |||| 001 0 eng d | ||
| 020 | _a9780521189224 | ||
| 040 |
_aBD-DhUAP _beng _cBD-DhUAP _dBD-DhUAP |
||
| 082 |
_223 _a428.00 JAM |
||
| 100 | _aJames, Peter | ||
| 245 |
_aTeachers in Action: _bTasks for In-Service Language Teacher Education and Development / _c Peter James. |
||
| 260 |
_aUnited Kingdom; _bCambridge University Press, _c2001. |
||
| 300 |
_a312 Pages; _c23 cm. |
||
| 500 | _aInclude Index. | ||
| 650 | _aELT: teaching theory & methods | ||
| 700 | _aTony Wright | ||
| 700 | _aWilliams, Marion | ||
| 942 |
_2ddc _cBK |
||